01681nam a2200373 a 4500003000500000005001700005007000300022008004100025020002200066040002300088050002200111082002600133100004300159245005300202250001800255264003200273300007000305336002700375337002700402338002800429490004200457504003800499505010200537520043800639650003101077650002301108650001801131650003301149650002301182650002001205650001401225650002601239830004201265CHAP20230421182828.0ta230421s2020 spaado|fr|||| 001 0 spa d a978-84-16383-60-3 amxchpuacCHAPerda10aHD31.2b.S26 202000a658.403bS26 20202201 aSanta Cruz Chao, José Manueleautor 10aMás empresas / cJosé Manuel Santa Cruz Chao a1a edición  aEspaña : bDELTA , c2020 axvi, 155 páginas : bilustraciones, gráficas, tablas y fotos  2rdacontentatextobtxt 2rdamediaasin mediobn 2rdacarrieravolumenbnc1 aInnovación Docente y TIC (DELTA)v9 aBibliografía: páginas 153-1560 aLa dirección de mercadotecnia. -- La dirección de producción. -- La dirección financiera.2 aEste libro trata, a modo de sencilla guía, de llevarnos y adentrarnos en el mundo de la empresa y hace posible que entendamos la transformación de la materia prima, la posibilidad de endeudamiento y la capacidad de convencer a los compradores de que nuestro producto es el mejor y el que les interesa. Sus contenidos más concretos son: La dirección de mercadotecnia. La dirección de producción. La dirección financiera.13aPlanificación financiera17aToma de decisiones13aMercadotecnia13aTecnología de producción13aFinancial planning13aDecision making13aMarketing13aProduction technology 0aInnovación Docente y TIC (DELTA)n9